000 00760nam a22001457a 4500
999 _c4613
_d235117
020 _a9789873953743
080 _a347.7+ 366.6 T 24
100 _aPerciavalle, Marcelo
245 _aTemas de Derecho Comercial
260 _aCiudad Autónoma de Buenos aires
_bErreius
_c2017
300 _a605 P.
_c27 X 19 Cm.
490 _aCompendio Jurídico
650 _xderecho comercial
_xderecho bancario
_xderecho de la empresa
_xderecho empresario
_xcontratos comerciales
_xarbitraje
_xresponsabilidad bancaria
_xderecho del consumo
_xderecho del consumidor
_xabuso
_xinformacion
_xcarta de intencion
_xdeber de seguridad
_xfideicomiso
_xfiduciario
_xcontrato de fideicomiso
_xfideicomiso inmobiliario
_xfundaciones
_xasociaciones civiles
_xdoctrina
_xjurisprudencia
_xlegislación
942 _6_
945 _acd
_d2017-09-20